000 01183cam a22003857a 4500
003 CHAP
005 20220817043140.0
008 971013s1987 it r 00010 eng d
010 _a66829
011 _a67801
035 _a77273
040 _cCHAP
082 _a639.2
_bF3y v.289
110 _aFAO
245 1 0 _aProject identification in small pelagic fisheries
_b: Indonesia; India, Thailand, Morocco
260 _aRome :
_bFAO,
_c1987
300 _a68 p.
410 _aFAO
490 0 _aDocumento técnico de pesca
_v; 289
590 _aBATCH-UPD
_b10
_c20130110
_lUCH01
_h0458
590 _aBATCH-UPD
_b10
_c20130410
_lUCH01
_h0136
590 _aBATCH-UPD
_b10
_c20130914
_lUCH01
_h1132
590 _aCONVERSION
_b10
_c20130109
_lUCH01
_h1337
650 1 4 _aPesca
_xIndia.
_987388
650 1 4 _aPesca
_xIndonesia.
_987389
650 1 4 _aPesca
_xMarruecos.
_987399
650 1 4 _aPesca
_xTailandia.
_987413
700 0 _aCurr, C. T. W.
_930530
700 0 _aHaywood, K.
_953222
810 0 _aFAO
830 0 0 _aDocumento técnico de pesca
_v; 289
_933242
901 _aBK
942 _cLIBRO
949 _a639.2 F3y v.289
_bBC
_cFAO
_d33724002255330
_eFAO1
_gDonaciØn
_h72568
_i77273
_si
999 _c66829
_d66829